000 00564nam a2200193Ia 4500
005 20230425141353.0
008 131103s9999 xx 000 0 und d
040 _aLoreto College
041 _aEnglish
082 _aTAG 891.44
_bTAG-BHA
100 _aBhattacharya, Sourin
245 _aKano amra Rabindranathka chai abong kibhabay
_cSourin Bhattacharya
260 _aCalcutta
_bAnustup
_c2007
300 _a206p
650 _aTagora, Rabindranath, 1861-1941 - Criticism and Interpretation
651 _aBengali Literature
850 _aLCLIB
942 _cBK
999 _c16922
_d67401